Catálogo

Madre patria : (Registro nro. 25696)

Detalles MARC
000 -LEADER
fixed length control field 01355cam a2200361 i 4500
001 - CONTROL NUMBER
control field 25696
003 - CONTROL NUMBER IDENTIFIER
control field Mx-PuUPA
005 - DATE AND TIME OF LATEST TRANSACTION
control field 20230323093619.0
008 - FIXED-LENGTH DATA ELEMENTS--GENERAL INFORMATION
fixed length control field 140415s a gr 001 0 spa d
017 ## - COPYRIGHT OR LEGAL DEPOSIT NUMBER
Copyright or legal deposit number B.5.103-2021
020 ## - INTERNATIONAL STANDARD BOOK NUMBER
International Standard Book Number 9788467062496
040 ## - CATALOGING SOURCE
Original cataloging agency Mx-PuUPA
Language of cataloging spa
Transcribing agency Mx-PuUPA
Modifying agency Mx-PuUPA
Description conventions rda
041 0# - LANGUAGE CODE
Language code of text/sound track or separate title spa
100 1# - MAIN ENTRY--PERSONAL NAME
9 (RLIN) 13946
Personal name Gullo Omodeo, Marcelo,
Relator term autor
245 10 - TITLE STATEMENT
Title Madre patria :
Remainder of title desmontando la leyenda negra desde Bartolomé de las Casas hasta el separatismo catalán /
Statement of responsibility, etc. Marcelo Gullo Omodeo ; prólogo de Alfonso Guerra
250 ## - EDITION STATEMENT
Edition statement Decimotercera edición /
Remainder of edition statement enero
264 #1 - PRODUCTION, PUBLICATION, DISTRIBUTION, MANUFACTURE, AND COPYRIGHT NOTICE
Place of production, publication, distribution, manufacture Barcelona :
Name of producer, publisher, distributor, manufacturer Editorial Planeta,
Date of production, publication, distribution, manufacture, or copyright notice 2023
300 ## - PHYSICAL DESCRIPTION
Extent 538 páginas, 8 láminas (sin paginación) :
Other physical details ilustraciones ;
Dimensions 23 cm
336 ## - CONTENT TYPE
Fuente rdacontent
Content type term texto
Content type code txt
337 ## - MEDIA TYPE
Source rdamedia
Media type term sin medio
Media type code n
338 ## - CARRIER TYPE
Source rdacarrier
Carrier type term volumen
Carrier type code nc
502 ## - DISSERTATION NOTE
Dissertation note
650 #7 - SUBJECT ADDED ENTRY--TOPICAL TERM
Source of heading or term armarc
Topical term or geographic name entry element Características Nacionales
General subdivision
Geographic subdivision España
650 #7 - SUBJECT ADDED ENTRY--TOPICAL TERM
Source of heading or term armarc
Topical term or geographic name entry element Leyenda negra (España-Historia)
650 #7 - SUBJECT ADDED ENTRY--TOPICAL TERM
Source of heading or term armarc
Topical term or geographic name entry element Nacionalismo
651 #4 - SUBJECT ADDED ENTRY--GEOGRAPHIC NAME
Geographic name España
General subdivision Historia
-- Opinión pública
651 #4 - SUBJECT ADDED ENTRY--GEOGRAPHIC NAME
Geographic name América Latina
General subdivision Historia
651 #4 - SUBJECT ADDED ENTRY--GEOGRAPHIC NAME
Geographic name América Latina
General subdivision Política y gobierno
942 ## - ADDED ENTRY ELEMENTS (KOHA)
Source of classification or shelving scheme Dewey Decimal Classification
Koha item type Libro
Classification part 946
Item part G975
Suppress in OPAC
Existencias
Withdrawn status Lost status Source of classification or shelving scheme Damaged status Not for loan Collection code Home library Current library Shelving location Date acquired Source of acquisition Total Checkouts Total Renewals Full call number Barcode Date last seen Date last checked out Price effective from Koha item type
    Dewey Decimal Classification   Consulta en sala Magisterial Biblioteca Karol Wojtyla Biblioteca Karol Wojtyla Módulo de circulación 03/12/2013 Compra 3 1 946 G975 2023 47825 17/03/2026 06/03/2025 03/12/2013 Magisterial